Statistiques concernant Livres de Tintin

Cliquez ici pour prendre le quiz!

Statistiques générales

  • Ce quiz a été pris 82 fois
  • Le résultat moyen est 16 sur 24

Statistiques - réponses

Année de PublicationRéponse% Correct
1931Tintin au {Congo}
96%
1960Tintin au {Tibet}
93%
1963Les Bijoux de la Castafiore
88%
1932Tintin en {Amérique}
85%
1936Le Lotus bleu
79%
1953Objectif Lune
79%
1954On a marché sur la Lune
75%
1958Coke en stock
71%
1945Le Trésor de Rackham le Rouge
71%
1934Les Cigares du pharaon
69%
1938L'Île Noire
69%
1956L'Affaire Tournesol
68%
1948Les Sept Boules de cristal
65%
1930Tintin au {pays des Soviets}
65%
1943Le Secret de La Licorne
64%
1941Le Crabe aux pinces d'or
63%
1937L'Oreille cassée
63%
1948Le Temple du Soleil
60%
1976Tintin et {les Picaros}
60%
1939Le Sceptre d'Ottokar
58%
1942L'Étoile mystérieuse
56%
1950Tintin au {pays de l'or noir}
53%
1968Vol 714 pour Sydney
43%
1986Tintin et {l'Alph-Art}
42%

Distribution des résultats

Percentile par nombre de réponses

% des personnes avec chaque résultat

Votre développement - résultats

Vous n’avez pas pris ce quiz